000 00836nam a2200217Ii 4500
003 JO-AjNU
008 230605s9999||||xx |||||||||||||| ||und||
017 _a2004/12/2899
040 _aJO-AjNU
_bara
_erda
_cJO-AjNU
041 _aara
050 1 4 _aLA1471.J6.W37
100 3 _aالمدني،زياد عبد العزيز,
_eauthor
_911094
245 0 0 _aوثائق تربوية أردنية في عهد الملك المؤسس عبدالله الأول بن الحسين 1921م-1951م
250 _aط1
264 3 1 _aعمان:المؤلف،2005
300 _a486ص
336 _atext
_btxt
_2rdacontent
337 _aunmediated
_bn
_2rdamedia
338 _avolume
_bnc
_2rdacarrier
650 4 _aالأردن-تاريخ-التربية والتعليم-وثائق تربوية-الملك عبد الله المؤسس1921م-1951م
_911095
999 _aA2144
_c5712
_d5712